000
00218nam a22000857a 4500
001
1235232
005
20250930113827.0
245
_a
GÜZELLİK VE ÇİRKİNLİK
_c
BRIGITTE LABBE
260
_b
GÜNIŞIĞI KİTAPLIĞI YAYINLARI
999
_c
1235232
_d
1235232